LEADER 01220nam a2200277 u 4500 001 000000073974 003 CaOOAMICUS 005 20070226122417.0 008 021128s1978 it u000 u ita u 035 $a10946237 040 $aPUL$bita 100 1 $aCappellaro, Juan Bautista.$0(OLS)http://pul/name/34953 245 10$aComunione di comunitą :$bprogetto parrocchia 1990 /$cJuan Cappellaro, Jose Mira, Julio Jimenez. 260 $aAssisi :$bCittadella,$cstampa 1978. 300 $a201 p. ;$c18 cm 490 1 $aComunitą cristiana. Linee emergenti 650 4$aCristianesimo e societą$ySec. XX.$0(OLS)http://pul/subject/6150 700 1 $aJiménez, Julio.$0(OLS)http://pul/name/49008 700 1 $aMira, José.$0(OLS)http://pul/name/49007 830 0$aComunitą cristiana. Linee emergenti.$0(OLS)http://pul/title/93137 850 $aPUL 852 $aPUL$W1$xSL Religione 2$y84$mRH E3 65$j95515$nBK-PRI$b $qStampati altre collocazioni$B95515$CPULBib$Z2$F95515 $H $81 941 1 $a10 961 $aINV: 67446 996 $6245$aComunione di comunitą :$bprogetto parrocchia 1990$9(OLS)http://pul/title/97223 996 $6260$aAssisi :$bCittadella$9(OLS)http://pul/publisher/49668 LEADER 01575nam a2200277 a 4500 001 000000158977 003 CaOOAMICUS 005 20170220180345.0 008 170220s1955 gw m 001 u ger r 032 $aLibriCat 040 $aPUL$bita 100 1 $aLambertz, Karl.$0(OLS)http://pul/name/101572 245 14$aDer Anteil Evas der ersten Frau an der Erbsünde : $beine positiv-kritische Untersuchung der Lehre des hl. Augustinus und ihrer Weiterentwicklung beim hl. Thomas und Franz Suarez unter Berücksichtigung des Tridentinums / $cKarl Lambertz. 260 $aKaldenkirchen :$b[s.n.],$c1955. 300 $axxii, 42 p. ;$c24 cm. 502 $aEstratto di Tesi -- Pontificia Universitas Gregoriana. Facultas Theologiae.1955. 504 $aBibliografia in nota a pič pagina. 611 24$aConcilium Tridentinum$d(1545-1563).$0(OLS)http://pul/subject/698 710 2 $aPontificia Universitą Gregoriana.$bFacoltą di teologia.$kTesi.$0(OLS)http://pul/name/81592 850 $aPUL 852 $aPUL$W1$xDP1 Tesi Pon. Univ. Gregoriana$y40$mTH PUG 962$j182276$qTesi$B185472$CPULBib$Z2$F185472 $H19079 $82 941 1 $a16 960 $aConcilio di Trento$d(1545-1563)$9698 996 $6245$aDer Anteil Evas der ersten Frau an der Erbsünde : $beine positiv-kritische Untersuchung der Lehre des hl. Augustinus und ihrer Weiterentwicklung beim hl. Thomas und Franz Suarez unter Berücksichtigung des Tridentinums / $9(OLS)http://pul/title/198583 996 $6260$aKaldenkirchen :$b[s.n.]$9(OLS)http://pul/publisher/86051